| 000 | 00927nam a2200265Ia 4500 | ||
|---|---|---|---|
| 003 | GCL | ||
| 008 | 140319s9999 xx 000 0 ara d | ||
| 040 |
_aGCL / _cGCL |
||
| 082 | 0 | 4 |
_a956.501 _bن م |
| 100 | 1 | _aفيليب الخازن | |
| 245 | 1 | 0 |
_aمجموعه المحررات السياسية والمفاوضات الدولية عن سوريا ولبنان / _cفيليب الخازن |
| 700 | 1 | _aفريد الخازن | |
| 260 |
_a[S.N] : _bلجنة الاعلام والدراسات المستقبلية ، _c1984 |
||
| 300 | _aمتعدد | ||
| 490 | _a | ||
| 650 | 0 | 4 | _aتاريخ |
| 650 | 0 | 4 | _aالثورات |
| 650 | 0 | 4 | _aالاحوال السياسية |
| 650 | 0 | 4 | _aسوريا |
| 650 | 0 | 4 | _aالعلاقات الخارجية |
| 650 | 0 | 4 | _aلبنان |
| 650 | 0 | 4 | _aالامبراطورية العثمانية |
| 650 | 0 | 4 | _aالامبراطورية العثمانية (1920-1516) |
| 942 |
_2ddc _cBK |
||
| 999 |
_c29762 _d29762 |
||